CompTIA Network+ 11 - Statistics

General Stats
  • This quiz has been taken 9 times
    8 since last reset
  • The average score is 8 of 22
Answer Stats
Hint Answer % Correct
QoS Quality of Service
100%
RF Radio Frequency
75%
RDP Remote Desktop Protocol
75%
PTP Point-to-Point
50%
PSTN Public Switched Telephone Network
50%
RFI Radio Frequency Interference
50%
RPO Recovery Point Objective
50%
RJ Registered Jack
50%
RAS Remote Access Service
50%
RADIUS Remote Authentication Dial-In User Service
50%
RIP Routing Information Protocol
50%
PTR Pointer
25%
PSK Pre-Shared Key
25%
QSFP Quad Small Form-Factor Pluggable
25%
RARP Reverse Address Resolution Protocol
25%
PVC Permanent Virtual Circuit
0%
PRI Primary Rate Interface
0%
PUA Privileged User Agreement
0%
RG Radio Guide
0%
RSH Remote Shell
0%
RFP Request for Proposal
0%
RSA Rivest, Shamir, Adleman
0%
No matching quizzes found
Score Distribution
Percent of People with Each Score
Percentile by Number Answered
Your Score History
You have not taken this quiz since the last reset